Frontière de la Chine - Statistiques

Statistiques générales
  • Ce quiz a été pris 115 fois
  • Le résultat moyen est 12 sur 14
Statistiques - réponses
Km Pays % Correct
4250 Russie
100%
4 673 Mongolie
96%
3 380 Inde
96%
1 416 Corée du Nord
93%
1 236 Népal
90%
423 Laos
89%
1 281 Viêt Nam
89%
1 533 Kazakhstan
86%
523 Pakistan
83%
470 Bhoutan
81%
2 185 Birmanie
80%
858 Kirghizistan
78%
414 Tadjikistan
76%
76 Afghanistan
73%
Aucun quiz correspondant
Distribution des résultats
% des personnes avec chaque résultat
Percentile par nombre de réponses
Votre historique - résultats
Vous n’avez pas pris ce quiz